000 00819nam a22002417a 4500
999 _c14131
_d14131
003 MIRAKIL
005 20211214000618.0
008 201023b tu ||||| |||| 00| 0 tur d
020 _a9786052365830
040 _aTR-AnCHP
_cTR-AnCHP
041 _atur
082 _aCHP 923.2
_bB36r 2018
100 1 _aBerberoğlu, Enis
245 1 0 _aRehin :
_bMaltepe cezaevi B-9 koğuş yazıları/
_cEnis Berberoğlu.
246 _aMaltepe cezaevi B-9 koğuş yazıları
260 _aİstanbul:
_bHalk Kitabevi,
_c2018.
300 _a272 s.;
_c21 sm.
600 1 4 _91918
_aBerberoğlu, Enis
_cCHP 26-27. Dönem Milletvekili
_d1956-
_xDenemeler
650 0 _aSiyaset ve yönetim
_xTürkiye
_99
650 0 _95055
_aSiyasetçiler
_zTürkiye
_xÇeşitli yazılar
740 _aMaltepe cezaevi B-9 koğuş yazıları
942 _2ddc
_cBKS